La Convergencia y la flexibilidad en las industrias de los medios de comunicación exige una nueva lógica organizativa de la actividad económica y de los actores sociales /
Guardado en:
| Hovedforfatter: | |
|---|---|
| Format: | Texto |
| Fag: | |
| Tags: |
Tilføj Tag
Ingen Tags, Vær først til at tagge denne postø!
|
MARC
| LEADER | 00000 a a2200000 04500 | ||
|---|---|---|---|
| 001 | 5548 | ||
| 003 | |||
| 040 | |||
| 100 | |a Leisink, Peter | ||
| 245 | |a La Convergencia y la flexibilidad en las industrias de los medios de comunicación exige una nueva lógica organizativa de la actividad económica y de los actores sociales / |c Peter Leisink | ||
| 650 | |a INDUSTRIA | ||
| 650 | |a ECONOMIA | ||
| 650 | |a MEDIOS DE COMUNICACION | ||
| 650 | |a INFORMACION | ||
| 650 | |a CAMBIO ECONOMICO | ||
| 650 | |a PRODUCTIVIDAD DEL TRABAJO | ||
| 773 | |g número 110 -111; páginas 25-31 | ||
| 999 | |c 21816 |d 21816 | ||
